[Event "84th ESP-ch 2019"]
[Site "Marbella"]
[Date "2019.11.16"]
[Round "1.10"]
[White "Gutierrez Curras, Daniel"]
[Black "Narciso Dublan, Marc"]
[Result "0-1"]
[WhiteElo "2025"]
[BlackElo "2517"]
[Annotator "ChessBase"]
[PlyCount "51"]
[EventDate "2019.11.16"]
[EventType "swiss"]
[EventCountry "ESP"]
[SourceTitle "playchess.com"]
[Source "ChessBase"]
[SourceQuality "1"]
[TimeControl "5400+30"]

1. Nf3 {[%emt 0:00:00]} d5 {[%emt 0:00:00]} 2. g3 {[%emt 0:00:14]} Bg4 {[%emt 0:00:00]} 3. c4 {[%emt 0:03:15]} Bxf3 {[%emt 0:00:43]} 4. exf3 {[%emt 0:00:15]} c6 {[%emt 0:03:06]} 5. cxd5 {[%emt 0:05:04]} cxd5 {[%emt 0:00:13]} 6. Qb3 {[%emt 0:00:23]} Qd7 {[%emt 0:01:11]} 7. f4 {[%emt 0:01:12]} Nc6 {[%emt 0:00:37]} 8. Bg2 {[%emt 0:01:13]} e6 {[%emt 0:01:08]} 9. O-O {[%emt 0:07:23]} Nge7 {[%emt 0:00:57]} 10. Nc3 {[%emt 0:01:05]} Nf5 {[%emt 0:03:41]} 11. d3 {[%emt 0:02:12]} Be7 {[%emt 0:00:47]} 12. a3 {[%emt 0:03:24]} O-O {[%emt 0:01:28]} 13. Bd2 {[%emt 0:03:00]} Nfd4 {[%emt 0:08:03]} 14. Qd1 {[%emt 0:00:23]} Bf6 {[%emt 0:02:13]} 15. Rb1 {[%emt 0:01:39]} Rfc8 {[%emt 0:01:01]} 16. Qg4 {[%emt 0:02:19]} Ne7 {[%emt 0:04:50]} 17. h4 {[%emt 0:07:30]} Rc7 {[%emt 0:06:08]} 18. Rfd1 {[%emt 0:11:44]} Rac8 {[%emt 0:00:45]} 19. h5 {[%emt 0:00:37]} h6 {[%emt 0:03:53]} 20. Qh3 {[%emt 0:04:14]} Nb5 {[%emt 0:02:21]} 21. Nxb5 {[%emt 0:02:17]} Qxb5 {[%emt 0:00:10]} 22. Bb4 {[%emt 0:03:59]} Nf5 {[%emt 0:09:25]} 23. g4 {[%emt 0:03:17]} Nd4 {[%emt 0:00:39]} 24. Bf1 {[%emt 0:02:53]} Rc2 {[%emt 0:07:45]} 25. Qe3 {[%emt 0:00:50]} Qb6 {[%emt 0:10:46]} 26. Rbc1 {[%emt 0:06:16]} 0-1

[Event "84th ESP-ch 2019"]
[Site "Marbella"]
[Date "2019.11.16"]
[Round "1.11"]
[White "Arizmendi Martinez, Julen Luis"]
[Black "Sosa Suarez, Carla Cristina"]
[Result "1-0"]
[WhiteElo "2517"]
[BlackElo "2022"]
[Annotator "ChessBase"]
[PlyCount "45"]
[EventDate "2019.11.16"]
[EventType "swiss"]
[EventCountry "ESP"]
[SourceTitle "playchess.com"]
[Source "ChessBase"]
[SourceQuality "1"]
[TimeControl "5400+30"]

1. e4 {[%emt 0:01:13]} e6 {[%emt 0:00:00]} 2. d4 {[%emt 0:00:44]} d5 {[%emt 0:00:00]} 3. Nd2 {[%emt 0:00:21]} Be7 {[%emt 0:00:56]} 4. e5 {[%emt 0:03:25]} c5 {[%emt 0:02:17]} 5. c3 {[%emt 0:02:24]} Nc6 {[%emt 0:03:08]} 6. Bd3 {[%emt 0:00:17]} Bd7 {[%emt 0:04:20]} 7. Ne2 {[%emt 0:10:09]} f6 {[%emt 0:23:51]} 8. Nf4 {[%emt 0:27:39]} g6 {[%emt 0:34:36]} 9. Nf3 {[%emt 0:22:59]} Qb6 {[%emt 0:08:56]} 10. O-O {[%emt 0:05:59]} cxd4 {[%emt 0:07:04]} 11. cxd4 {[%emt 0:02:20]} g5 {[%emt 0:03:14]} 12. exf6 {[%emt 0:00:42]} Nxf6 {[%emt 0:01:09]} 13. Nxg5 {[%emt 0:00:47]} Nxd4 {[%emt 0:02:20]} 14. Be3 {[%emt 0:00:21]} e5 {[%emt 0:01:29]} 15. Nxd5 {[%emt 0:02:27]} Nxd5 {[%emt 0:00:03]} 16. Qh5+ {[%emt 0:00:08]} Kd8 {[%emt 0:00:03]} 17. Nf7+ {[%emt 0:00:56]} Kc8 {[%emt 0:03:42]} 18. Rac1+ {[%emt 0:09:53]} Nc7 {[%emt 0:01:14]} 19. Qxe5 {[%emt 0:03:11]} Nf3+ {[%emt 0:00:34]} 20. gxf3 {[%emt 0:00:02]} Rg8+ {[%emt 0:00:24]} 21. Kh1 {[%emt 0:00:08]} Bc6 {[%emt 0:00:37]} 22. Qf5+ {[%emt 0:00:08]} Kb8 {[%emt 0:00:22]} 23. Bxb6 {[%emt 0:00:07]} 1-0

[Event "84th ESP-ch 2019"]
[Site "Marbella"]
[Date "2019.11.16"]
[Round "1.12"]
[White "Antonano Fedz-Quincoces, Avelino"]
[Black "Espinosa Aranda, Angel"]
[Result "0-1"]
[WhiteElo "2021"]
[BlackElo "2511"]
[Annotator "ChessBase"]
[PlyCount "102"]
[EventDate "2019.11.16"]
[EventType "swiss"]
[EventCountry "ESP"]
[SourceTitle "playchess.com"]
[Source "ChessBase"]
[SourceQuality "1"]
[TimeControl "5400+30"]

1. e4 {[%emt 0:00:02]} c5 {[%emt 0:00:00]} 2. Nf3 {[%emt 0:00:10]} d6 {[%emt 0:00:10]} 3. d4 {[%emt 0:00:13]} cxd4 {[%emt 0:00:16]} 4. Nxd4 {[%emt 0:00:12]} Nf6 {[%emt 0:00:11]} 5. Nc3 {[%emt 0:00:10]} g6 {[%emt 0:00:05]} 6. Bc4 {[%emt 0:00:41]} Bg7 {[%emt 0:00:52]} 7. O-O {[%emt 0:00:32]} O-O {[%emt 0:00:10]} 8. Re1 {[%emt 0:04:49]} Nc6 {[%emt 0:00:17]} 9. Nb3 {[%emt 0:01:33]} Bg4 {[%emt 0:00:22]} 10. f3 {[%emt 0:01:27]} Be6 {[%emt 0:00:04]} 11. Bd5 {[%emt 0:09:59]} Rc8 {[%emt 0:02:53]} 12. Be3 {[%emt 0:02:35]} Bd7 {[%emt 0:06:30]} 13. Bxc6 {[%emt 0:04:48]} Bxc6 {[%emt 0:02:02]} 14. Bd4 {[%emt 0:09:49]} a6 {[%emt 0:06:16]} 15. Nd5 {[%emt 0:04:03]} Bxd5 {[%emt 0:09:35]} 16. exd5 {[%emt 0:00:25]} Re8 {[%emt 0:00:03]} 17. c3 {[%emt 0:05:57]} Qd7 {[%emt 0:08:32]} 18. Qd3 {[%emt 0:11:03]} b5 {[%emt 0:05:15]} 19. a3 {[%emt 0:06:39]} Qb7 {[%emt 0:03:58]} 20. Bxf6 {[%emt 0:02:20]} Bxf6 {[%emt 0:00:04]} 21. Re4 {[%emt 0:01:08]} a5 {[%emt 0:06:59]} 22. Rd1 {[%emt 0:02:59]} Kg7 {[%emt 0:12:30]} 23. Kh1 {[%emt 0:01:01]} Qb6 {[%emt 0:01:30]} 24. Nc1 {[%emt 0:06:44]} Rc4 {[%emt 0:01:27]} 25. Ne2 {[%emt 0:00:30]} Rxe4 {[%emt 0:01:21]} 26. Qxe4 {[%emt 0:01:24]} b4 {[%emt 0:00:23]} 27. axb4 {[%emt 0:02:17]} axb4 {[%emt 0:00:06]} 28. Qxb4 {[%emt 0:00:21]} Qxb4 {[%emt 0:05:38]} 29. cxb4 {[%emt 0:00:07]} Rb8 {[%emt 0:00:01]} 30. Rb1 {[%emt 0:02:28]} Rxb4 {[%emt 0:00:06]} 31. b3 {[%emt 0:00:15]} Kf8 {[%emt 0:01:00]} 32. g3 {[%emt 0:09:47]} Ke8 {[%emt 0:00:10]} 33. h4 {[%emt 0:00:15]} Kd7 {[%emt 0:01:41]} 34. Kg2 {[%emt 0:01:48]} Rb5 {[%emt 0:00:13]} 35. Nf4 {[%emt 0:01:31]} Be5 {[%emt 0:00:11]} 36. Nd3 {[%emt 0:00:55]} Rxd5 {[%emt 0:00:03]} 37. Nxe5+ {[%emt 0:00:16]} Rxe5 {[%emt 0:00:06]} 38. Kf2 {[%emt 0:00:23]} Kc6 {[%emt 0:00:10]} 39. f4 {[%emt 0:00:27]} Rc5 {[%emt 0:00:27]} 40. g4 {[%emt 0:02:33]} h5 {[%emt 0:02:35]} 41. f5 {[%emt 0:02:01]} Re5 {[%emt 0:03:53]} 42. Kg3 {[%emt 0:01:40]} Re4 {[%emt 0:00:10]} 43. Rc1+ {[%emt 0:00:48]} Kb7 {[%emt 0:01:23]} 44. Rc4 {[%emt 0:00:53]} Rxc4 {[%emt 0:07:23]} 45. bxc4 {[%emt 0:00:04]} e5 {[%emt 0:00:05]} 46. fxg6 {[%emt 0:02:07]} fxg6 {[%emt 0:00:03]} 47. gxh5 {[%emt 0:00:16]} gxh5 {[%emt 0:00:03]} 48. Kf3 {[%emt 0:00:19]} Kc6 {[%emt 0:00:03]} 49. Ke4 {[%emt 0:00:27]} Kc5 {[%emt 0:00:05]} 50. Kf5 {[%emt 0:00:21]} Kxc4 {[%emt 0:00:09]} 51. Kg5 {[%emt 0:00:20]} e4 {[%emt 0:00:04]} 0-1

[Event "84th ESP-ch 2019"]
[Site "Marbella"]
[Date "2019.11.16"]
[Round "1.13"]
[White "Del Rio De Angelis, Salvador G."]
[Black "Sanjuan Garcia, Miguel"]
[Result "1-0"]
[WhiteElo "2502"]
[BlackElo "2021"]
[Annotator "ChessBase"]
[PlyCount "35"]
[EventDate "2019.11.16"]
[EventType "swiss"]
[EventCountry "ESP"]
[SourceTitle "playchess.com"]
[Source "ChessBase"]
[SourceQuality "1"]
[TimeControl "5400+30"]

1. d4 {[%emt 0:00:00]} Nf6 {[%emt 0:00:00]} 2. c4 {[%emt 0:00:00]} c5 {[%emt 0:00:00]} 3. d5 {[%emt 0:00:02]} b5 {[%emt 0:00:00]} 4. cxb5 {[%emt 0:00:17]} a6 {[%emt 0:00:00]} 5. e3 {[%emt 0:00:13]} e6 {[%emt 0:04:02]} 6. Nc3 {[%emt 0:00:11]} Bb7 {[%emt 0:05:05]} 7. e4 {[%emt 0:01:28]} exd5 {[%emt 0:10:58]} 8. exd5 {[%emt 0:00:21]} d6 {[%emt 0:02:07]} 9. Nf3 {[%emt 0:03:43]} g6 {[%emt 0:02:26]} 10. bxa6 {[%emt 0:02:46]} Bxa6 {[%emt 0:02:20]} 11. Bxa6 {[%emt 0:00:13]} Nxa6 {[%emt 0:00:49]} 12. O-O {[%emt 0:00:38]} Bg7 {[%emt 0:00:20]} 13. Re1+ {[%emt 0:01:47]} Kf8 {[%emt 0:00:01]} 14. Nd2 {[%emt 0:03:40]} Nd7 {[%emt 0:06:44]} 15. Nb5 {[%emt 0:02:16]} Qb6 {[%emt 0:06:16]} 16. a4 {[%emt 0:00:22]} Nc7 {[%emt 0:00:16]} 17. Nc4 {[%emt 0:00:27]} Qb8 {[%emt 0:02:17]} 18. Nbxd6 {[%emt 0:02:06]} 1-0

[Event "84th ESP-ch 2019"]
[Site "Marbella"]
[Date "2019.11.16"]
[Round "1.14"]
[White "Ruiz Bellon, Manuel"]
[Black "Asis Gargatagli, Hipolito"]
[Result "0-1"]
[WhiteElo "1994"]
[BlackElo "2497"]
[Annotator "ChessBase"]
[PlyCount "66"]
[EventDate "2019.11.16"]
[EventType "swiss"]
[EventCountry "ESP"]
[SourceTitle "playchess.com"]
[Source "ChessBase"]
[SourceQuality "1"]
[TimeControl "5400+30"]

1. Nf3 {[%emt 0:00:00]} g6 {[%emt 0:00:00]} 2. g3 {[%emt 0:00:00]} Bg7 {[%emt 0:00:00]} 3. Bg2 {[%emt 0:00:04]} Nf6 {[%emt 0:00:19]} 4. d4 {[%emt 0:00:20]} O-O {[%emt 0:01:20]} 5. O-O {[%emt 0:00:12]} d6 {[%emt 0:01:38]} 6. a4 {[%emt 0:00:29]} a5 {[%emt 0:03:43]} 7. Re1 {[%emt 0:02:23]} d5 {[%emt 0:09:41]} 8. c4 {[%emt 0:06:01]} Nc6 {[%emt 0:11:23]} 9. cxd5 {[%emt 0:08:42]} Nxd5 {[%emt 0:01:34]} 10. e4 {[%emt 0:01:32]} Nb6 {[%emt 0:01:54]} 11. d5 {[%emt 0:05:04]} Nb4 {[%emt 0:02:05]} 12. Nc3 {[%emt 0:01:51]} c6 {[%emt 0:10:10]} 13. Be3 {[%emt 0:27:43]} Nc4 {[%emt 0:13:53]} 14. Qb3 {[%emt 0:04:16]} Nxe3 {[%emt 0:01:08]} 15. Rxe3 {[%emt 0:03:38]} cxd5 {[%emt 0:14:37]} 16. Nxd5 {[%emt 0:01:31]} Nxd5 {[%emt 0:00:34]} 17. exd5 {[%emt 0:00:20]} Ra6 {[%emt 0:01:09]} 18. Rae1 {[%emt 0:04:40]} Rb6 {[%emt 0:02:35]} 19. Qc4 {[%emt 0:03:33]} e6 {[%emt 0:02:37]} 20. Ne5 {[%emt 0:03:24]} Rxb2 {[%emt 0:01:07]} 21. d6 {[%emt 0:03:49]} Qxd6 {[%emt 0:02:03]} 22. Nxf7 {[%emt 0:04:50]} Kxf7 {[%emt 0:06:43]} 23. Rxe6 {[%emt 0:05:11]} Bxe6 {[%emt 0:00:13]} 24. Rxe6 {[%emt 0:00:14]} Qxe6 {[%emt 0:00:05]} 25. Bd5 {[%emt 0:00:09]} Re8 {[%emt 0:01:42]} 26. Qc7+ {[%emt 0:00:29]} Kf8 {[%emt 0:02:39]} 27. Bxe6 {[%emt 0:00:55]} Rxe6 {[%emt 0:00:05]} 28. Qc8+ {[%emt 0:02:31]} Re8 {[%emt 0:00:21]} 29. Qc5+ {[%emt 0:00:41]} Kg8 {[%emt 0:00:13]} 30. Qxa5 {[%emt 0:00:10]} Rf8 {[%emt 0:00:56]} 31. Qd5+ {[%emt 0:03:22]} Kh8 {[%emt 0:00:06]} 32. Kg2 {[%emt 0:01:31]} Rfxf2+ {[%emt 0:01:24]} 33. Kh3 {[%emt 0:00:08]} h5 {[%emt 0:00:53]} 0-1

[Event "84th ESP-ch 2019"]
[Site "Marbella"]
[Date "2019.11.16"]
[Round "1.15"]
[White "Larino Nieto, David"]
[Black "Roman Lopez, Jesus"]
[Result "1-0"]
[WhiteElo "2473"]
[BlackElo "1993"]
[Annotator "ChessBase"]
[PlyCount "71"]
[EventDate "2019.11.16"]
[EventType "swiss"]
[EventCountry "ESP"]
[SourceTitle "playchess.com"]
[Source "ChessBase"]
[SourceQuality "1"]
[TimeControl "5400+30"]

1. b3 {[%emt 0:17:40]} Nc6 {[%emt 0:00:37]} 2. d4 {[%emt 0:02:39]} d5 3. Nf3 {[%emt 0:00:22]} Bf5 {[%emt 0:01:20]} 4. Bb2 {[%emt 0:00:30]} Nf6 {[%emt 0:00:11]} 5. e3 {[%emt 0:00:10]} e6 {[%emt 0:00:19]} 6. Ne5 {[%emt 0:01:32]} Nxe5 {[%emt 0:05:13]} 7. dxe5 {[%emt 0:00:41]} Ne4 {[%emt 0:05:45]} 8. Bd3 {[%emt 0:05:50]} Qg5 {[%emt 0:21:18]} 9. Kf1 {[%emt 0:12:26]} Bc5 {[%emt 0:12:39]} 10. Qe2 Bb6 11. b4 {[%emt 0:05:31]} Rd8 {[%emt 0:08:21]} 12. a4 {[%emt 0:02:35]} a5 {[%emt 0:05:39]} 13. bxa5 {[%emt 0:00:10]} Bxa5 {[%emt 0:03:01]} 14. f3 {[%emt 0:01:13]} O-O {[%emt 0:00:31]} 15. g4 {[%emt 0:01:58]} Qh4 {[%emt 0:10:06]} 16. Kg2 {[%emt 0:03:25]} Bxg4 {[%emt 0:14:45]} 17. fxg4 {[%emt 0:02:52]} f5 {[%emt 0:00:22]} 18. exf6 {[%emt 0:27:07]} Nxf6 {[%emt 0:03:09]} 19. h3 {[%emt 0:00:41]} Ne4 {[%emt 0:01:42]} 20. Bxe4 {[%emt 0:00:06]} dxe4 {[%emt 0:00:02]} 21. Nc3 {[%emt 0:00:16]} Rf3 {[%emt 0:01:36]} 22. Nxe4 {[%emt 0:00:22]} Rd2 {[%emt 0:03:24]} 23. Kxf3 {[%emt 0:00:12]} Rxe2 {[%emt 0:00:12]} 24. Kxe2 {[%emt 0:00:02]} Qe7 {[%emt 0:00:49]} 25. Ba3 {[%emt 0:00:19]} Qd7 {[%emt 0:00:52]} 26. Rhf1 {[%emt 0:02:55]} h6 {[%emt 0:00:29]} 27. Rf8+ {[%emt 0:00:06]} Kh7 {[%emt 0:00:01]} 28. g5 {[%emt 0:02:28]} Qxa4 {[%emt 0:00:36]} 29. g6+ {[%emt 0:01:16]} Kxg6 {[%emt 0:00:53]} 30. Rg1+ {[%emt 0:00:03]} Kh7 {[%emt 0:00:23]} 31. Rf7 {[%emt 0:02:02]} Qc4+ {[%emt 0:00:43]} 32. Kf3 {[%emt 0:00:32]} Bc3 {[%emt 0:00:12]} 33. Nxc3 {[%emt 0:00:25]} Qxc3 34. Rfxg7+ {[%emt 0:01:40]} Qxg7 {[%emt 0:00:57]} 35. Rxg7+ {[%emt 0:00:02]} Kxg7 {[%emt 0:00:12]} 36. Ke4 1-0

[Event "84th ESP-ch 2019"]
[Site "Marbella"]
[Date "2019.11.16"]
[Round "1.16"]
[White "Perez Guerra, Alberto"]
[Black "Alsina Leal, Daniel"]
[Result "0-1"]
[WhiteElo "1988"]
[BlackElo "2467"]
[Annotator "ChessBase"]
[PlyCount "59"]
[EventDate "2019.11.16"]
[EventType "swiss"]
[EventCountry "ESP"]
[SourceTitle "playchess.com"]
[Source "ChessBase"]
[SourceQuality "1"]
[TimeControl "5400+30"]

1. c4 {[%emt 0:00:00]} e5 {[%emt 0:00:00]} 2. g3 {[%emt 0:00:00]} c6 {[%emt 0:00:08]} 3. Nf3 {[%emt 0:00:18]} e4 {[%emt 0:00:09]} 4. Nd4 {[%emt 0:00:44]} d5 {[%emt 0:00:09]} 5. cxd5 {[%emt 0:04:15]} Qxd5 {[%emt 0:00:10]} 6. e3 {[%emt 0:02:50]} Nf6 {[%emt 0:06:23]} 7. Nc3 {[%emt 0:01:29]} Qe5 {[%emt 0:00:45]} 8. Bg2 {[%emt 0:03:02]} Bc5 {[%emt 0:01:41]} 9. Nb3 {[%emt 0:17:18]} Na6 {[%emt 0:07:03]} 10. a3 {[%emt 0:11:04]} Bb6 {[%emt 0:09:30]} 11. d4 {[%emt 0:14:14]} exd3 {[%emt 0:01:54]} 12. Qxd3 {[%emt 0:00:22]} O-O {[%emt 0:05:59]} 13. O-O {[%emt 0:01:22]} Re8 {[%emt 0:02:44]} 14. e4 {[%emt 0:02:42]} Be6 {[%emt 0:02:03]} 15. Bf4 {[%emt 0:00:22]} Qh5 {[%emt 0:00:16]} 16. Qc2 {[%emt 0:05:18]} Bh3 {[%emt 0:03:47]} 17. Bxh3 {[%emt 0:11:45]} Qxh3 {[%emt 0:00:05]} 18. Kh1 {[%emt 0:00:16]} Nh5 {[%emt 0:16:10]} 19. Qe2 {[%emt 0:10:26]} Nxf4 {[%emt 0:09:10]} 20. gxf4 {[%emt 0:00:02]} f5 {[%emt 0:00:32]} 21. e5 {[%emt 0:04:36]} Nc7 {[%emt 0:02:24]} 22. Qc4+ {[%emt 0:01:01]} Ne6 {[%emt 0:01:20]} 23. f3 {[%emt 0:03:13]} Rad8 {[%emt 0:02:54]} 24. Ne2 {[%emt 0:02:51]} Kh8 {[%emt 0:03:20]} 25. Qc2 {[%emt 0:01:10]} Be3 {[%emt 0:02:09]} 26. Qc4 {[%emt 0:01:16]} h6 {[%emt 0:02:05]} 27. a4 {[%emt 0:01:01]} Rd5 {[%emt 0:04:35]} 28. Qc3 {[%emt 0:00:23]} Nxf4 {[%emt 0:05:13]} 29. Nxf4 {[%emt 0:00:33]} Bxf4 {[%emt 0:00:05]} 30. Qc2 {[%emt 0:00:34]} 0-1

[Event "84th ESP-ch 2019"]
[Site "Marbella"]
[Date "2019.11.16"]
[Round "1.17"]
[White "Diaz Camallonga, Carles"]
[Black "Abreu Suarez, Isauro"]
[Result "1-0"]
[WhiteElo "2465"]
[BlackElo "1974"]
[Annotator "ChessBase"]
[PlyCount "65"]
[EventDate "2019.11.16"]
[EventType "swiss"]
[EventCountry "ESP"]
[SourceTitle "playchess.com"]
[Source "ChessBase"]
[SourceQuality "1"]
[TimeControl "5400+30"]

1. e4 {[%emt 0:00:00]} Nf6 {[%emt 0:00:00]} 2. e5 {[%emt 0:00:00]} Nd5 {[%emt 0:00:01]} 3. d4 {[%emt 0:00:00]} d6 {[%emt 0:00:10]} 4. c4 {[%emt 0:00:00]} Nb6 {[%emt 0:00:06]} 5. exd6 {[%emt 0:00:00]} cxd6 {[%emt 0:00:12]} 6. Nc3 {[%emt 0:00:00]} g6 {[%emt 0:00:13]} 7. Be3 {[%emt 0:00:06]} Bg7 {[%emt 0:00:14]} 8. Rc1 {[%emt 0:00:08]} O-O {[%emt 0:00:26]} 9. b3 {[%emt 0:00:05]} Bf5 {[%emt 0:01:01]} 10. g4 {[%emt 0:01:18]} Bc8 {[%emt 0:04:06]} 11. h4 {[%emt 0:00:05]} e5 {[%emt 0:09:00]} 12. d5 {[%emt 0:01:13]} f5 {[%emt 0:02:38]} 13. gxf5 {[%emt 0:03:17]} Bxf5 {[%emt 0:01:54]} 14. h5 {[%emt 0:03:42]} N8d7 {[%emt 0:03:45]} 15. hxg6 {[%emt 0:02:53]} hxg6 {[%emt 0:04:03]} 16. Bh3 {[%emt 0:04:41]} Qf6 {[%emt 0:13:18]} 17. Bxf5 {[%emt 0:07:52]} Qxf5 {[%emt 0:00:16]} 18. Nge2 {[%emt 0:09:12]} Nc5 {[%emt 0:25:43]} 19. Ng3 {[%emt 0:03:37]} Nd3+ {[%emt 0:02:22]} 20. Kd2 {[%emt 0:00:10]} Nxf2 {[%emt 0:00:54]} 21. Nxf5 {[%emt 0:01:00]} Nxd1 {[%emt 0:00:07]} 22. Nxd6 {[%emt 0:00:03]} Nxe3 {[%emt 0:02:56]} 23. Kxe3 {[%emt 0:00:03]} Rf4 {[%emt 0:01:36]} 24. Rcg1 {[%emt 0:03:51]} Raf8 {[%emt 0:02:29]} 25. Rh3 {[%emt 0:02:44]} Nd7 {[%emt 0:05:53]} 26. Rxg6 {[%emt 0:03:41]} Nf6 {[%emt 0:05:14]} 27. Nce4 {[%emt 0:15:26]} Nxe4 {[%emt 0:11:08]} 28. Nxe4 {[%emt 0:00:07]} Rf1 {[%emt 0:02:08]} 29. Rhg3 {[%emt 0:00:39]} Re1+ {[%emt 0:01:20]} 30. Kd3 {[%emt 0:00:09]} Rf7 {[%emt 0:00:44]} 31. Nd6 {[%emt 0:01:00]} e4+ {[%emt 0:00:50]} 32. Kd2 {[%emt 0:00:05]} Ref1 {[%emt 0:00:39]} 33. Nxf7 {[%emt 0:00:07]} 1-0

[Event "84th ESP-ch 2019"]
[Site "Marbella"]
[Date "2019.11.16"]
[Round "1.18"]
[White "Viciano Barrachina, Aitor"]
[Black "Gines Esteo, Pedro Antonio"]
[Result "0-1"]
[WhiteElo "1954"]
[BlackElo "2463"]
[Annotator "ChessBase"]
[PlyCount "132"]
[EventDate "2019.11.16"]
[EventType "swiss"]
[EventCountry "ESP"]
[SourceTitle "playchess.com"]
[Source "ChessBase"]
[SourceQuality "1"]
[TimeControl "5400+30"]

1. e4 {[%emt 0:00:00]} c6 {[%emt 0:01:46]} 2. Nc3 {[%emt 0:00:24]} d5 {[%emt 0:00:05]} 3. Nf3 {[%emt 0:00:19]} Bg4 {[%emt 0:00:07]} 4. h3 {[%emt 0:00:20]} Bxf3 {[%emt 0:00:08]} 5. Qxf3 {[%emt 0:00:11]} e6 {[%emt 0:00:03]} 6. Be2 {[%emt 0:01:19]} Nf6 {[%emt 0:00:35]} 7. O-O {[%emt 0:01:14]} dxe4 {[%emt 0:03:52]} 8. Nxe4 {[%emt 0:00:38]} Nbd7 {[%emt 0:00:04]} 9. d4 {[%emt 0:04:03]} Be7 {[%emt 0:00:13]} 10. c3 {[%emt 0:15:57]} O-O {[%emt 0:00:06]} 11. Nxf6+ {[%emt 0:05:47]} Nxf6 {[%emt 0:01:22]} 12. Bf4 {[%emt 0:04:29]} a5 {[%emt 0:00:18]} 13. Rfd1 {[%emt 0:01:50]} a4 {[%emt 0:00:10]} 14. a3 {[%emt 0:01:42]} Qa5 {[%emt 0:04:05]} 15. Bd3 {[%emt 0:02:30]} Rfd8 {[%emt 0:01:51]} 16. Be5 {[%emt 0:11:08]} Nd7 {[%emt 0:03:04]} 17. Bf4 {[%emt 0:02:05]} Qd5 {[%emt 0:07:05]} 18. Be4 {[%emt 0:03:16]} Qb3 {[%emt 0:00:17]} 19. Rd2 {[%emt 0:01:28]} Nf6 {[%emt 0:03:42]} 20. Bc2 {[%emt 0:01:01]} Qc4 {[%emt 0:01:20]} 21. Rad1 {[%emt 0:03:44]} Nd5 {[%emt 0:05:06]} 22. Qe4 {[%emt 0:04:55]} g6 {[%emt 0:02:38]} 23. Be5 {[%emt 0:06:35]} Rd7 {[%emt 0:05:52]} 24. h4 {[%emt 0:03:03]} Rad8 {[%emt 0:20:16]} 25. h5 {[%emt 0:00:53]} Nf6 {[%emt 0:01:11]} 26. Bxf6 {[%emt 0:01:43]} Bxf6 {[%emt 0:00:02]} 27. hxg6 {[%emt 0:02:56]} hxg6 {[%emt 0:00:13]} 28. Qd3 {[%emt 0:02:43]} Qxd3 {[%emt 0:01:02]} 29. Rxd3 {[%emt 0:00:42]} Ra8 {[%emt 0:01:48]} 30. f3 {[%emt 0:02:45]} Ra6 {[%emt 0:01:08]} 31. Kf2 {[%emt 0:01:21]} Rd5 {[%emt 0:00:34]} 32. b4 {[%emt 0:07:06]} axb3 {[%emt 0:00:14]} 33. Bxb3 {[%emt 0:00:03]} Rb5 {[%emt 0:01:36]} 34. c4 {[%emt 0:00:05]} Bxd4+ {[%emt 0:01:07]} 35. Kf1 {[%emt 0:02:07]} Rbb6 {[%emt 0:00:49]} 36. a4 {[%emt 0:00:38]} c5 {[%emt 0:00:12]} 37. Rc1 {[%emt 0:03:58]} Rb4 {[%emt 0:00:51]} 38. Ke2 {[%emt 0:00:26]} Rab6 {[%emt 0:00:07]} 39. Bd1 {[%emt 0:00:10]} e5 {[%emt 0:01:52]} 40. g4 {[%emt 0:01:12]} f5 {[%emt 0:00:57]} 41. gxf5 {[%emt 0:01:15]} gxf5 {[%emt 0:00:02]} 42. Kd2 {[%emt 0:01:09]} Rh6 {[%emt 0:01:18]} 43. Rb3 {[%emt 0:00:47]} Rh2+ {[%emt 0:00:07]} 44. Kd3 {[%emt 0:00:07]} e4+ {[%emt 0:00:11]} 45. fxe4 {[%emt 0:00:54]} Rh3+ {[%emt 0:00:05]} 46. Ke2 {[%emt 0:00:14]} Rbxb3 {[%emt 0:00:06]} 47. Bxb3 {[%emt 0:00:06]} Re3+ {[%emt 0:00:30]} 48. Kd1 {[%emt 0:00:26]} Rxb3 {[%emt 0:00:07]} 49. exf5 {[%emt 0:00:16]} Kf7 {[%emt 0:00:08]} 50. Ke2 {[%emt 0:00:37]} Kf6 {[%emt 0:00:44]} 51. Rf1 {[%emt 0:00:27]} Rc3 {[%emt 0:00:20]} 52. Rb1 {[%emt 0:00:03]} Rxc4 {[%emt 0:00:19]} 53. Rxb7 {[%emt 0:00:11]} Rxa4 {[%emt 0:00:14]} 54. Kd3 {[%emt 0:00:28]} Kxf5 {[%emt 0:00:11]} 55. Re7 {[%emt 0:00:25]} Be5 {[%emt 0:01:04]} 56. Rf7+ {[%emt 0:00:20]} Ke6 {[%emt 0:00:06]} 57. Rh7 {[%emt 0:00:24]} Kd5 {[%emt 0:00:18]} 58. Rd7+ {[%emt 0:00:20]} Bd6 {[%emt 0:00:02]} 59. Rd8 {[%emt 0:00:17]} c4+ {[%emt 0:00:21]} 60. Kc3 {[%emt 0:00:15]} Ra3+ {[%emt 0:00:08]} 61. Kc2 {[%emt 0:00:41]} Kc5 {[%emt 0:00:26]} 62. Kb2 {[%emt 0:00:10]} Rh3 {[%emt 0:00:13]} 63. Rc8+ {[%emt 0:00:20]} Kb4 {[%emt 0:00:12]} 64. Rd8 {[%emt 0:00:32]} Rh2+ {[%emt 0:00:09]} 65. Kc1 {[%emt 0:00:14]} Kc3 {[%emt 0:00:46]} 66. Rxd6 {[%emt 0:00:12]} Rh1+ {[%emt 0:00:06]} 0-1

[Event "84th ESP-ch 2019"]
[Site "Marbella"]
[Date "2019.11.16"]
[Round "1.19"]
[White "Tejedor Fuente, Enrique"]
[Black "Diaz Mino, Daniel"]
[Result "1-0"]
[WhiteElo "2457"]
[BlackElo "1953"]
[Annotator "ChessBase"]
[PlyCount "51"]
[EventDate "2019.11.16"]
[EventType "swiss"]
[EventCountry "ESP"]
[SourceTitle "playchess.com"]
[Source "ChessBase"]
[SourceQuality "1"]
[TimeControl "5400+30"]

1. e4 {[%emt 0:00:00]} e5 {[%emt 0:00:00]} 2. Nf3 {[%emt 0:00:00]} Nf6 {[%emt 0:00:02]} 3. Nxe5 {[%emt 0:00:22]} d6 {[%emt 0:00:22]} 4. Nc4 {[%emt 0:00:15]} Nxe4 {[%emt 0:00:40]} 5. Qe2 {[%emt 0:02:10]} Qe7 {[%emt 0:02:18]} 6. Ne3 {[%emt 0:00:44]} Nf6 {[%emt 0:03:45]} 7. b3 {[%emt 0:02:06]} Be6 {[%emt 0:05:48]} 8. Bb2 {[%emt 0:02:08]} Nc6 {[%emt 0:05:45]} 9. f4 {[%emt 0:23:43]} O-O-O {[%emt 0:04:35]} 10. f5 {[%emt 0:36:01]} Bd7 {[%emt 0:01:00]} 11. Na3 {[%emt 0:03:14]} Rg8 {[%emt 0:08:34]} 12. g3 {[%emt 0:02:28]} g6 {[%emt 0:01:53]} 13. O-O-O {[%emt 0:03:00]} Bg7 {[%emt 0:01:28]} 14. Bg2 {[%emt 0:00:44]} d5 {[%emt 0:10:58]} 15. Qf1 {[%emt 0:10:04]} d4 {[%emt 0:29:22]} 16. Nec4 {[%emt 0:00:02]} Qc5 {[%emt 0:01:07]} 17. fxg6 {[%emt 0:02:49]} fxg6 {[%emt 0:00:42]} 18. Nb5 {[%emt 0:06:47]} Nh5 {[%emt 0:03:33]} 19. Ba3 {[%emt 0:00:38]} Qf5 {[%emt 0:03:08]} 20. Nbd6+ {[%emt 0:00:18]} cxd6 {[%emt 0:00:33]} 21. Nxd6+ {[%emt 0:00:02]} Kb8 {[%emt 0:00:32]} 22. Nxf5 {[%emt 0:00:05]} Bxf5 {[%emt 0:00:29]} 23. Bxc6 {[%emt 0:00:44]} bxc6 {[%emt 0:00:04]} 24. Qf3 {[%emt 0:00:34]} Nf6 {[%emt 0:04:52]} 25. Qxc6 {[%emt 0:00:10]} Rc8 {[%emt 0:00:27]} 26. Bd6+ {[%emt 0:00:04]} 1-0